Komunikácia ako nástroj verejnej diplomacie na príklade SR bakalárska práca

Enregistré dans:
Détails bibliographiques
Auteur principal: Gašparíková, Vanesa
Collectivité auteur: Fakulta medzinárodných vzťahov EU. Katedra medzinárodných politických vzťahov
Autres auteurs: Kurucz, Milan, 1954-
Format: Livre
Langue:slovaque
Publié: Bratislava 2018
Tags: Ajouter un tag
Pas de tags, Soyez le premier à ajouter un tag!

MARC

LEADER 00000nbm a2200000 4500
001 0244521
005 20180802074857.5
041 0 |a slo 
044 |a SK 
245 1 0 |a Komunikácia ako nástroj verejnej diplomacie na príklade SR  |b bakalárska práca  |c Vanesa Gašparíková ; školiteľ: Milan Kurucz 
264 1 |a Bratislava  |c 2018 
300 |a 60 s. 
100 1 |a Gašparíková, Vanesa 
700 1 |a Kurucz, Milan, 1954- 
710 2 |a Fakulta medzinárodných vzťahov EU. Katedra medzinárodných politických vzťahov